| 000 | 00472ntaaa2200181 4500 | ||
|---|---|---|---|
| 003 | 01 | ||
| 005 | 20251027202033.0 | ||
| 008 | 0714s1973 ag 01 | ||
| 040 |
_aAR-BaBN _bspa _cAR-BaBN _eaacr _dRIC |
||
| 082 | _a251.0000 B56 | ||
| 100 |
_aBlackwood, Andrés W _97608 |
||
| 245 | _aLa preparación de sermones Bíblicos | ||
| 250 | _a1 ed. | ||
| 260 |
_aEl Paso : _bCasa Bautista de Publicaciones, _cn.f. |
||
| 300 | _a254 p | ||
| 650 |
_ahomilética _91351 |
||
| 942 | _cBK | ||
| 999 |
_c15174 _d15174 |
||